000 00520nam a2200145Ia 4500
001 4456
008 241024s9999 xx 000 0 und d
082 _aRD/371.07/R426p/2012-2016/1/2013
100 _aRepública Dominicana. Ministerio de Educación
245 0 _aPrograma de Jornada Escolar Extendida. La apuesta educativa de la República Dominicana para avanzar con equidad y calidad. Gestión Educativa 2012-2016
260 _bSanto Domingo
_c2013
590 _asi
901 _a3/10/2016 4:23:29 p.m.
999 _c8908
_d8908